000
00334 a2200145 4500
001
168335
020
_a
040
_c
Magnum
100
_a
Castellani Filho, Lino
240
1
0
_a
Politica educacional e educacao fisica
_l
por
245
1
0
_a
Politica educacional e educacao fisica
362
0
_a
1899
697
_a
ENSINO
942
_c
BK
999
_c
168335
_d
168335